000 00867nam0a2200301 4500
001 RU\NLR\ONL2\23567
005 20250613224025.0
010 _a9965-701-40-7
_92200
035 _a(NLR Aleph) 010210525
090 _a10272560
_c10272560
100 _a20120613d2004 |||y0rusy50 ca
101 0 _akaz
102 _aRU
105 _ay |||||||||
200 1 _aАй мен ару
_eолендер
_fАйбатыр Сейтак
210 _aАлматы
_cЖазушы
_d2004
215 _a141 б.
_d21
225 1 _aКазiргi казак поэзиясы
541 1 _a[Девушка и луна]
_zrus
686 1 _aШ6(2=Каз)7-5
700 1 _aСейтак
_bА.
_gАйбатыр
_4070
801 0 _aRU
_bNLR
_c20120613
_gPSBO
852 _aNLR
_jКазах./3-8456
_m38007
852 _aNLR
_bОНЛ
942 _cBOOK
980 _aNB
980 _aONL_RF